[Event "New York op"]
[Site "New York"]
[Date "1989.??.??"]
[Round "1"]
[White "Ivanov, Igor V"]
[Black "Burger, Karl"]
[Result "1-0"]
[WhiteElo "2515"]
[BlackElo "2315"]

1.c4 e6 2.Nf3 Nf6 3.Nc3 d5 4.d4 Be7 5.Bg5 O-O 6.e3 h6 7.Bh4 b6 8.Bd3 Bb7
9.Bxf6 Bxf6 10.cxd5 exd5 11.Qb3 c6 12.O-O Nd7 13.Rad1 Re8 14.Rfe1 Nf8 15.e4 g6
16.e5 Bg7 17.h4 Qd7 18.h5 Qg4 19.hxg6 Nxg6 20.Nh2 Qg5 21.Re3 h5 22.Bxg6 Qxg6
23.Ne2 c5 24.Rg3 Qe4 25.Nc3 Qf5 26.Nf3 cxd4 27.Nb5 Re7 28.Nbxd4 Qf4 29.Qd3 Bc8
30.Rg5 Rc7 31.Rxh5 Qe4 32.Qd2 Bg4 33.Rh4 Rac8 34.Re1 Qg6 35.Ng5 Bd7 36.Nh3 Bxh3
37.Rxh3 Rc4 38.Rg3 Qh5 39.b3 R4c5 40.Rg5  1-0

[Event "New York op"]
[Site "New York"]
[Date "1989.??.??"]
[Round "2"]
[White "Ivanov, Igor V"]
[Black "Torre, Eugenio"]
[Result "1/2-1/2"]
[WhiteElo "2515"]
[BlackElo "2565"]

1.c4 e5 2.Nc3 Nf6 3.Nf3 Nc6 4.g3 d5 5.cxd5 Nxd5 6.Bg2 Nb6 7.O-O Be7 8.a3 a5
9.d3 O-O 10.Be3 Re8 11.Rc1 Bg4 12.Na4 Nd5 13.Rxc6 Bxf3 14.Bxf3 bxc6 15.Qc2 Nxe3
16.fxe3 Bg5 17.Bxc6 Bxe3+ 18.Kg2 Re7 19.Rf3 Bd4 20.e3 Ba7 21.Bxa8 Qxa8 22.e4 h5
23.Qc4 Qc8 24.Nc3 c6 25.b4 axb4 26.Nd5 Re6 27.Nxb4 h4 28.gxh4 Rf6 29.Rf5 Rxf5
30.exf5 Qxf5 31.Qe4 Qf2+ 32.Kh3 f5 33.Qg2 Qf4 34.Nxc6 Bf2 35.Qd5+ Kh7 36.Kg2 Qd2
37.Qf3 Be3+ 38.Kh3 Bf4  1/2-1/2

[Event "New York op"]
[Site "New York"]
[Date "1989.??.??"]
[Round "3"]
[White "Chernin, Alexander"]
[Black "Ivanov, Igor V"]
[Result "0-1"]
[WhiteElo "2580"]
[BlackElo "2515"]

1.c4 c5 2.g3 g6 3.Bg2 Bg7 4.Nf3 Nc6 5.Nc3 d6 6.O-O Bd7 7.b3 Nf6 8.Bb2 O-O
9.e3 Rb8 10.d4 Bg4 11.Qd2 e5 12.d5 Ne7 13.Ne1 Bd7 14.e4 Nh5 15.Nc2 f5 16.exf5 gxf5
17.a4 a6 18.Qe2 Qe8 19.a5 Qg6 20.b4 cxb4 21.Nxb4 Rbc8 22.Na4 Bxa4 23.Rxa4 f4
24.Be4 f3 25.Qd3 Qg4 26.Kh1 Rf4 27.Bxh7+ Kh8 28.Nc2 e4 29.Bxg7+ Kxh7 30.Qc3 Nf5
31.Rg1 Nhxg3+  0-1

[Event "New York op"]
[Site "New York"]
[Date "1989.??.??"]
[Round "4"]
[White "Lobron, Eric"]
[Black "Ivanov, Igor V"]
[Result "1-0"]
[WhiteElo "2555"]
[BlackElo "2515"]

1.Nf3 c5 2.c4 g6 3.g3 Bg7 4.Bg2 Nc6 5.Nc3 d6 6.a3 Nf6 7.O-O O-O 8.d3 b6 9.Rb1 Bb7
10.b4 Nd7 11.Ne4 Re8 12.Bb2 Nf6 13.Bxf6 Bxf6 14.bxc5 Bg7 15.cxd6 exd6 16.Qc1 Na5
17.Nc3 Rc8 18.Nd2 Bxg2 19.Kxg2 Bxc3 20.Qxc3 d5 21.e4 dxc4 22.d4 Nb3 23.Nxb3 cxb3
24.Qd3 Qe7 25.Rfe1 Qxa3 26.Rxb3 Qd6 27.Rbb1 a6 28.Qxa6 Qxd4 29.Rxb6 Rc2 30.Rf6 Re6
31.Qa8+ Kg7 32.Rf3 Rf6 33.Rxf6 Qxf6 34.Qa7 h5 35.h3 Rd2 36.Qe3 Qd4 37.Qf4 Rc2
38.Re3 Qf6 39.Qxf6+ Kxf6 40.Kf3 Ra2 41.Rd3 Ke6 42.Ke3 f5 43.f3 Rg2 44.exf5+ Kxf5
45.g4+ hxg4 46.hxg4+ Ke5 47.Rd8 Kf6 48.Rd6+ Kg7 49.Kf4 Ra2 50.Rd7+ Kf8 51.Kg5 Ra6
52.f4 Kg8 53.Kh6 Rf6 54.Rd4 Ra6 55.Rb4 Rc6 56.g5 Ra6 57.Rb7 Kf8 58.f5 gxf5+
59.g6  1-0

[Event "New York op"]
[Site "New York"]
[Date "1989.??.??"]
[Round "5"]
[White "Ivanov, Igor V"]
[Black "Kamsky, Gata"]
[Result "1/2-1/2"]
[WhiteElo "2515"]
[BlackElo "2345"]

1.c4 e5 2.Nc3 Nc6 3.Nf3 g6 4.d4 exd4 5.Nxd4 Bg7 6.Nxc6 bxc6 7.Bf4 d6 8.Rc1 Be6
9.e3 Ne7 10.Be2 Rb8 11.Qd2 O-O 12.O-O c5 13.Rfd1 Nc6 14.b3 Qd7 15.Ne4 Qe7
16.Bf3 Ne5 17.Bxe5 Bxe5 18.Qa5 c6 19.Nc3 Rbc8 20.Qa6 Qc7 21.Ne4 h6 22.g3 f5
23.Nd2 g5 24.Bg2 f4 25.exf4 gxf4 26.Nf3 Bf6 27.Nh4 Bd4 28.Nf3 fxg3 29.hxg3 Bg7
30.Rd3 Bf5 31.Re3 Rce8 32.Rce1 Rxe3 33.Rxe3 Bc8 34.Qa4 Bd7 35.Qa3 Re8 36.Rxe8+ Bxe8
37.Qc1 Qe7 38.Bh3 Qf6 39.Qe3 Bf7 40.Kg2 Bf8 41.Bd7 Qe7 42.Qxe7 Bxe7 43.Bxc6 Bg6
44.Nd2 Kg7 45.Be4 Be8 46.f4 Bf6 47.g4 Bb2 48.Nf1 Bc1 49.Kf3 Bd7 50.Ng3 Kf6
51.Bd5 Ke7 52.Ne4 a5 53.Kg3 Be8 54.f5 Bb2 55.Kh4 Bd4 56.Bb7 Bb2 57.Nf2 Bd4
58.Ne4 Bb2 59.Ba8 Bd4 60.Bd5 Bb2 61.g5 hxg5+ 62.Kxg5 Bc1+ 63.Kg4 Bb2 64.Nf2 Kf6
65.Nd3 Bd4 66.Nf4 Bb2 67.Be4 Bd7 68.Nd5+ Kg7 69.Bf3 Kf7 70.Nb6 Ke7 71.Bd5 Bd4
72.Bg8 Bb2 73.Bf7 Bxf5+ 74.Kxf5 Kxf7 75.Nc8 Be5 76.a4 Bg3 77.Na7 Be1 78.Nb5 Bg3
79.Nc3 Bh4 80.Ne2 Bf6 81.Ke4 Ke7 82.Kd5 Kd7 83.Ng3 Bg5 84.Nh5 Bh4 85.Ng7 Bg5  1/2-1/2

[Event "New York op"]
[Site "New York"]
[Date "1989.??.??"]
[Round "7"]
[White "Polgar, Judit"]
[Black "Ivanov, Igor V"]
[Result "0-1"]
[WhiteElo "2555"]
[BlackElo "2515"]

1.e4 c5 2.Nf3 d6 3.d4 cxd4 4.Nxd4 Nf6 5.Nc3 Nc6 6.Bc4 e6 7.Bb3 Be7 8.Be3 O-O
9.f4 a6 10.Qf3 Bd7 11.O-O-O Rc8 12.f5 Nxd4 13.Bxd4 e5 14.Be3 Rxc3 15.bxc3 Bc6
16.Kb2 Nxe4 17.Qg4 d5 18.Rd3 Qa5 19.Bh6 Bf6 20.Rg3 Nxg3 21.Bxg7 Bxg7 22.f6 Nh5
23.Rf1 Nxf6  0-1

[Event "New York op"]
[Site "New York"]
[Date "1989.??.??"]
[Round "8"]
[White "Petursson, Margeir"]
[Black "Ivanov, Igor V"]
[Result "1/2-1/2"]
[WhiteElo "2530"]
[BlackElo "2515"]

1.d4 g6 2.e4 Bg7 3.c4 d6 4.Nc3 c5 5.d5 Nf6 6.Nf3 Bg4 7.Qa4+ Nfd7 8.Nd2 O-O
9.h3 Nb6 10.Qc2 Bd7 11.Bd3 Na6 12.a3 Nc7 13.O-O a6 14.f4 Nc8 15.b3 b5 16.Bb2 Rb8
17.Rae1 bxc4 18.bxc4 e5 19.f5 Nb6 20.Bc1 Bh6 21.Nf3 Bxc1 22.Qxc1 Na4 23.Nxa4 Bxa4
24.Bc2 Bd7 25.Ng5 Ne8 26.Rf2 h6 27.Nf3 g5 28.h4 g4 29.Qxh6 Qf6 30.Qxf6 Nxf6
31.Nd2 Rb2 32.Nf1 Rfb8 33.Re3 Kh7 34.Bd3 Ba4 35.Rxb2 Rxb2 36.Be2 Bc2 37.Ng3 a5
38.Kf2 a4 39.Ke1 Ra2 40.Bf1 Bb3 41.Rc3 Rxa3 42.Bd3 Ra1+ 43.Kd2 Rd1+ 44.Ke2 a3
45.Rxb3 a2 46.Kxd1 a1=Q+ 47.Rb1 Qa4+ 48.Ke1 Qa5+ 49.Kd1 Qa3 50.Kc2 Qa4+ 51.Kc3 Qa3+
52.Kc2 Qa2+ 53.Rb2 Qa1 54.Rb6 Qe1 55.Rxd6 Ne8 56.Rd8 Nc7 57.Nh5 Qxh4 58.Rc8 Na6
59.d6 Nb4+ 60.Kb3 Qf2 61.Bb1 Qe1 62.d7 Qxb1+ 63.Ka4 Nc6 64.Nf6+ Kh6 65.Nd5 Qb7
66.d8=Q Qa6+ 67.Kb3 Nxd8 68.Rxd8 Qa1 69.Rg8 Qd1+ 70.Kc3 Qd4+ 71.Kb3 Qd3+
72.Kb2 Qd2+ 73.Kb3 Qxg2 74.Nf6 Qd2 75.Rxg4 Qb4+ 76.Kc2 Qxc4+ 77.Kd2 Qa6 78.Nd5 Qa2+
79.Ke3 c4 80.Nf6 Qb3+ 81.Ke2 Qd3+ 82.Kf2 Qd6 83.Nd5 c3 84.Rg3 Qc5+ 85.Kg2  1/2-1/2

[Event "World op"]
[Site "Philadelphia"]
[Date "1989.??.??"]
[Round "5"]
[White "Tate, Emory"]
[Black "Ivanov, Igor V"]
[Result "0-1"]
[WhiteElo "2345"]
[BlackElo "2515"]

1.g3 d5 2.Bg2 c6 3.Nf3 Nf6 4.d3 Bg4 5.Nbd2 Nbd7 6.h3 Bxf3 7.Bxf3 e5 8.O-O Bd6
9.Bg2 O-O 10.e4 Qc7 11.Qe2 Rfe8 12.Nf3 Bf8 13.Kh1 Rad8 14.Nh4 g6 15.a4 a5
16.Kh2 Nc5 17.Bg5 Be7 18.b3 Nh5 19.Bxe7 Qxe7 20.exd5 cxd5 21.Qd2 b6 22.b4 axb4
23.Qxb4 e4 24.Qxb6 e3 25.fxe3 Nxg3 26.Rf3 Nh5 27.Rb1 Qe5+ 28.Kg1 Rb8 29.Qxc5 Rxb1+
30.Bf1 Ng3 31.Ng2 Qa1 32.Qc6 Rf8 33.Qf6 Qxf6 34.Rxf6 Rc8 35.Rf3 Nxf1 36.Rxf1 Rxf1+
37.Kxf1 Rxc2  0-1

[Event "World op"]
[Site "Philadelphia"]
[Date "1989.??.??"]
[Round "6"]
[White "Ivanov, Igor V"]
[Black "Gurevich, Mikhail"]
[Result "1/2-1/2"]
[WhiteElo "2515"]
[BlackElo "2590"]

1.Nf3 Nf6 2.c4 b6 3.g3 Bb7 4.Bg2 c5 5.O-O e6 6.Nc3 d6 7.b3 a6 8.d4 cxd4 9.Qxd4 Nbd7
10.Rd1 Be7 11.e4 O-O 12.Ba3 Nc5 13.e5 dxe5 14.Qxd8 Rfxd8 15.Nxe5 Bxg2 16.Kxg2 Bf8
17.Bxc5 Bxc5 18.Na4 Rdb8 19.Nc6 Rb7 20.Nxc5 bxc5 21.Rd3 g5 22.Kf3 Rb6 23.Ne5 a5
24.Rad1 Rba6 25.Nd7 Nxd7 26.Rxd7 a4 27.Rb7 axb3 28.axb3 R6a7 29.Rdd7 Rxb7
30.Rxb7 Kg7 31.Rb5 Rc8 32.Ke4 Kf6 33.g4 Rc7 34.h3 h6 35.Kd3 Ke7 36.Kc3 Kd6
37.Ra5 Rc8 38.Ra7 Rf8 39.Ra6+ Kd7 40.b4 f5 41.Ra7+ Kd6 42.bxc5+ Kxc5 43.gxf5 exf5
44.Ra5+ Kb6 45.Kb4 g4 46.c5+ Kb7 47.Kb5 Rb8 48.Kc4 Re8 49.h4 Re4+ 50.Kd5 Re2
51.f4 Re4 52.c6+ Kb6 53.Rc5 Kc7 54.Ra5 Rxf4 55.Ra7+ Kb8 56.Rb7+ Kc8 57.Rg7 Rf1
58.h5 f4 59.Rxg4 f3 60.Rg8+ Kc7 61.Rg7+ Kc8 62.Rg8+  1/2-1/2

[Event "World op"]
[Site "Philadelphia"]
[Date "1989.??.??"]
[Round "10"]
[White "Ivanov, Igor V"]
[Black "Chernin, Alexander"]
[Result "0-1"]
[WhiteElo "2515"]
[BlackElo "2580"]

1.d4 d5 2.c4 c6 3.Nc3 Nf6 4.Nf3 dxc4 5.e4 b5 6.e5 Nd5 7.a4 e6 8.axb5 Nxc3
9.bxc3 cxb5 10.Ng5 Bb7 11.Qh5 g6 12.Qg4 Be7 13.Be2 h5 14.Qg3 Bd5 15.O-O a5
16.f4 Nc6 17.f5 h4 18.Qf2 Bxg5 19.fxg6 O-O 20.gxf7+ Kg7 21.Be3 Qe7 22.Bh5 Rh8
23.Bd1 Raf8 24.Bc2 Rh5 25.Rae1 Bxe3 26.Rxe3 Rxf7  0-1

[Event "San Mateo rapid"]
[Site "San Mateo"]
[Date "1989.??.??"]
[Round "?"]
[White "Ivanov, Igor V"]
[Black "Alburt, Lev O"]
[Result "1-0"]
[WhiteElo "2515"]
[BlackElo "2520"]

1.e4 Nf6 2.e5 Nd5 3.d4 d6 4.Nf3 g6 5.Bc4 Nb6 6.Bb3 Bg7 7.a4 c6 8.a5 Nd5 9.h3 O-O
10.O-O dxe5 11.Nxe5 Nd7 12.Nf3 e5 13.Re1 Re8 14.Nc3 exd4 15.Nxd5 Rxe1+ 16.Qxe1 cxd5
17.Bg5 Nf6 18.Nxd4 h6 19.Be3 a6 20.c3 Qc7 21.Nc2 Be6 22.Ba2 Re8  1-0

[Event "San Mateo rapid"]
[Site "San Mateo"]
[Date "1989.??.??"]
[Round "?"]
[White "Ivanov, Igor V"]
[Black "Silman, Jeremy D"]
[Result "0-1"]
[WhiteElo "2515"]
[BlackElo "2410"]

1.c4 e5 2.Nc3 Nf6 3.g3 Bb4 4.Bg2 O-O 5.d3 Re8 6.Bd2 c6 7.Nf3 h6 8.O-O d5
9.Nxd5 Nxd5 10.cxd5 Bxd2 11.dxc6 Ba5 12.Nxe5 Nxc6 13.Nxc6 bxc6 14.Bxc6 Bh3
15.Qa4 Rxe2 16.Qd1 Bxf1 17.Kxf1 Re1+ 18.Qxe1 Bxe1 19.Bxa8 Bxf2 20.Kxf2 Qxa8
21.Rd1 Qd5 22.d4 Qxa2 23.Rd2 Qd5  0-1

[Event "Sverdlovsk"]
[Site "Sverdlovsk"]
[Date "1989.??.??"]
[Round "?"]
[White "Fogarasi, Tibor"]
[Black "Ivanov, Igor V"]
[Result "1/2-1/2"]
[WhiteElo "2395"]
[BlackElo "2505"]

1.e4 c5 2.Nf3 Nc6 3.d4 cxd4 4.Nxd4 Nf6 5.Nc3 e5 6.Ndb5 d6 7.Bg5 a6 8.Na3 b5
9.Bxf6 gxf6 10.Nd5 Bg7 11.c3 f5 12.exf5 Bxf5 13.Nc2 Ne7 14.Nce3 Be6 15.a4 Nxd5
16.Nxd5 O-O 17.Be2 bxa4 18.Rxa4 a5 19.O-O Rb8 20.b4 axb4 21.cxb4 e4 22.Bc4 Qg5
23.Ne3 Bxc4 24.Nxc4 d5 25.Ra5  1/2-1/2

[Event "Sverdlovsk"]
[Site "Sverdlovsk"]
[Date "1989.??.??"]
[Round "?"]
[White "Horvath, Csaba"]
[Black "Ivanov, Igor V"]
[Result "1/2-1/2"]
[WhiteElo "2470"]
[BlackElo "2505"]

1.Nf3 Nf6 2.g3 g6 3.Bg2 Bg7 4.c4 O-O 5.O-O d6 6.d4 c5 7.Nc3 Nc6 8.d5 Na5
9.Nd2 e5 10.b3 a6 11.Bb2 b5 12.Qc2 Rb8 13.Rab1 Ng4 14.Nd1 f5 15.h3 Nh6 16.f4 Nf7
17.e3 Bd7 18.Nf2 Re8 19.Rfe1 exf4  1/2-1/2

[Event "Sverdlovsk"]
[Site "Sverdlovsk"]
[Date "1989.??.??"]
[Round "?"]
[White "Ivanov, Igor V"]
[Black "Fradkin, Boris"]
[Result "0-1"]
[WhiteElo "2505"]
[BlackElo "2405"]

1.d4 Nf6 2.c4 e6 3.Nc3 Bb4 4.Qc2 O-O 5.a3 Bxc3+ 6.Qxc3 b6 7.Bg5 Bb7 8.f3 d5
9.e3 Nbd7 10.Nh3 Rc8 11.c5 c6 12.Bd3 bxc5 13.dxc5 a5 14.b4 Ra8 15.O-O Ba6
16.Bxa6 Rxa6 17.Bf4 Qa8 18.Bc7 Qa7 19.Bxa5 Nxc5 20.Rfc1 Ncd7 21.Nf4 c5 22.Kf2 c4
23.g4 Nc5 24.bxc5 Rxa5 25.g5 Nd7 26.Nh5 e5 27.c6 Nc5 28.Rd1 Qc7 29.Kg1 Nd3
30.f4 Ra6 31.fxe5 Rxc6 32.e6 fxe6 33.Rab1 Qf7 34.Rf1 Nf2 35.Nf6+ gxf6 36.Rxf2 Qg7
37.Rbf1 f5 38.Qa5 c3 39.Rxf5 Rxf5 40.Rxf5 Rc8 41.Qa6 Qd7 42.Rf1 c2 43.Rc1 Rc4
44.Kf2 Qf7+ 45.Ke1 Qf5 46.Qd6 Rc3 47.Qb8+ Kf7 48.Qf4 Kg6 49.a4 Qxf4 50.exf4 Kf5
51.Kd2 Rc4 52.Ra1 c1=Q+ 53.Rxc1 Rxa4 54.Rc7 Rxf4 55.Rxh7 Kxg5 56.Ke3 d4+
57.Kd3 e5 58.Rh8 Rf3+ 59.Ke2 Ra3 60.h4+ Kf4 61.h5 d3+ 62.Kd2 Ke4 63.h6 Ra2+  0-1

[Event "Sverdlovsk"]
[Site "Sverdlovsk"]
[Date "1989.??.??"]
[Round "?"]
[White "Ivanov, Igor V"]
[Black "Janovsky, Sergey"]
[Result "1/2-1/2"]
[WhiteElo "2505"]
[BlackElo "2360"]

1.d4 d5 2.Nf3 Nf6 3.c4 dxc4 4.e3 e6 5.Bxc4 c5 6.O-O a6 7.dxc5 Bxc5 8.Qxd8+ Kxd8
9.Rd1+ Ke7 10.b3 b5 11.Be2 Nbd7 12.Bb2 Bb7 13.Nbd2 Rhd8 14.Rac1 Rac8 15.a4  1/2-1/2

[Event "Sverdlovsk"]
[Site "Sverdlovsk"]
[Date "1989.??.??"]
[Round "?"]
[White "Ivanov, Igor V"]
[Black "Lisenko, Alexander V"]
[Result "1/2-1/2"]
[WhiteElo "2505"]
[BlackElo "2355"]

1.d4 Nf6 2.c4 e6 3.Nc3 Bb4 4.Qc2 c5 5.dxc5 Bxc5 6.Nf3 Qb6 7.e3 Qc7 8.Be2 Nc6
9.a3 a6 10.b4 Be7 11.Bb2 b6 12.Ne4 Bb7 13.Nxf6+ Bxf6 14.O-O  1/2-1/2

[Event "Sverdlovsk"]
[Site "Sverdlovsk"]
[Date "1989.??.??"]
[Round "?"]
[White "Ivanov, Igor V"]
[Black "Machulsky, Anatoly D"]
[Result "0-1"]
[WhiteElo "2505"]
[BlackElo "2465"]

1.d4 Nf6 2.Nf3 c5 3.c3 e6 4.e3 b6 5.Bd3 Bb7 6.Nbd2 Nc6 7.O-O Be7 8.a3 Nd5
9.c4 Nf6 10.b3 cxd4 11.exd4 d5 12.Bb2 O-O 13.Re1 dxc4 14.bxc4 g6 15.Qe2 Re8
16.Nb3 Bf8 17.Bc1 e5 18.Be3 a5 19.Nbd2 a4 20.dxe5 Nxe5 21.Nxe5 Rxe5 22.Nf1 Ne4
23.Qb2 Re6 24.Bxe4 Bxe4 25.Bd4 Rc8 26.Nd2 Qe8 27.Re3 Ba8 28.Rxe6 Qxe6 29.Qxb6 Bc6
30.Qb2 Rd8 31.f3 Bh6 32.Nf1 Qxc4 33.Bf2 Re8 34.Ra2 Qd3 35.Qb4 Bf8 36.Qb6 Re6
37.Bd4 Bd5  0-1

[Event "Sverdlovsk"]
[Site "Sverdlovsk"]
[Date "1989.??.??"]
[Round "?"]
[White "Luther, Thomas"]
[Black "Ivanov, Igor V"]
[Result "1/2-1/2"]
[WhiteElo "2410"]
[BlackElo "2505"]

1.e4 c5 2.Nf3 Nc6 3.d4 cxd4 4.Nxd4 Nf6 5.Nc3 e5 6.Ndb5 d6 7.Bg5 a6 8.Na3 b5
9.Bxf6 gxf6 10.Nd5 Bg7 11.Bd3 Ne7 12.Nxe7 Qxe7 13.c4 f5 14.O-O O-O 15.Qh5 Rb8
16.exf5 e4 17.Rae1 Bb7 18.Re3 bxc4 19.Bxc4 d5 20.Bxd5 Bxd5 21.f6 Qxf6 22.Qxd5 Rxb2
23.Rxe4 Rd8 24.Qc4 Qc3 25.Qxa6 Qc5 26.Rc4 Qf5 27.Qa7 Re8 28.Qc5 Qxc5 29.Rxc5 Rxa2
30.Nc2 h6 31.Rc4 Re2 32.Ne3 Kh7 33.Rf4 Kg6 34.Rd1 Be5 35.Rf3 h5 36.h4 f6
37.g3 Red2 38.Rxd2 Rxd2 39.Kg2 Bd4 40.Nd5 Be5 41.Nb4 Bd6 42.Nd3 Rc2 43.Re3 Rd2
44.Kf3 Kf5 45.Ne1 Bc5 46.Re2 Rd1 47.Kg2 Kg6 48.Nf3 Rc1 49.Ra2 Rc3 50.Rd2 Rc4
51.Ng1 Bd4 52.Ne2 Be5 53.Rd7 Rc2 54.Ng1 Bc7 55.Nf3 Bb6 56.Rd2 Rc6 57.Rb2 Ba7  1/2-1/2

[Event "Sverdlovsk"]
[Site "Sverdlovsk"]
[Date "1989.??.??"]
[Round "?"]
[White "Malaniuk, Vladimir P"]
[Black "Ivanov, Igor V"]
[Result "1-0"]
[WhiteElo "2560"]
[BlackElo "2505"]

1.f4 e5 2.e4 exf4 3.Nf3 d6 4.d4 g5 5.Bc4 h6 6.O-O Bg7 7.h4 Nc6 8.c3 Qe7 9.b4 Bg4
10.b5 Nd8 11.Ba3 Be6 12.Nbd2 g4 13.Nh2 Qxh4 14.Bxe6 fxe6 15.Nxg4 h5 16.Nf2 e5
17.Nf3 Qf6 18.Qa4 Ne7 19.b6+ c6 20.dxe5 dxe5 21.Qxa7 Rxa7 22.bxa7  1-0

[Event "Sverdlovsk"]
[Site "Sverdlovsk"]
[Date "1989.??.??"]
[Round "?"]
[White "Rashkovsky, Nukhim N"]
[Black "Ivanov, Igor V"]
[Result "1-0"]
[WhiteElo "2520"]
[BlackElo "2505"]

1.d4 d5 2.Nf3 Nf6 3.c4 dxc4 4.e3 e6 5.Bxc4 c5 6.O-O a6 7.Qe2 b5 8.Bd3 cxd4
9.exd4 Bb7 10.a4 bxa4 11.Rxa4 Be7 12.Nbd2 O-O 13.Nb3 Bc6 14.Ra1 a5 15.Bd2 a4
16.Nc5 Nfd7 17.Ne4 Nf6 18.Nc5 Nfd7 19.Nxe6 fxe6 20.Qxe6+ Kh8 21.Qh3 Nf6 22.Ne5 Be8
23.Rfe1 Nc6 24.Bg5 Nxe5 25.Rxe5 g6 26.Rae1 Ra7 27.Qh4 Qd6 28.Re6 Qb4 29.Rxe7 Rxe7
30.Bxf6+ Rg7 31.Bxg7+ Kxg7 32.Qe7+  1-0

[Event "USA Masters"]
[Site "Chicago"]
[Date "1990.??.??"]
[Round "1"]
[White "Ivanov, Igor V"]
[Black "Ross, Paul"]
[Result "0-1"]
[WhiteElo "2495"]
[BlackElo "2280"]

1.d4 g6 2.e4 Bg7 3.Nf3 d6 4.h3 Nf6 5.Nc3 O-O 6.Be2 c6 7.O-O Nbd7 8.a4 a5
9.Re1 e5 10.dxe5 dxe5 11.Bg5 Qc7 12.Nd2 Nc5 13.Be3 Ne6 14.Bf1 Rd8 15.Qc1 Bf8
16.Nc4 Bc5 17.Bxc5 Nxc5 18.Qg5 Ncd7 19.Rad1 Re8 20.Rd6 Kg7 21.Red1 Ng8 22.Qe3 Nh6
23.R6d2 b6 24.Ne2 Nc5 25.Ng3 f6 26.b4 Nxa4 27.bxa5 b5 28.Nb6 Nxb6 29.axb6 Qb7
30.c4 Nf7 31.cxb5 cxb5 32.Bxb5 Re6 33.Bc4 Qxb6 34.Nf5+ gxf5 35.Qg3+ Kf8 36.exf5 Re8
37.Bxf7 Kxf7 38.Rd6 Qc7 39.Qf3 Ra6 40.Rxa6 Bxa6 41.Qb3+ Qc4 42.Qf3 Re7 43.Rd6 Bb7
44.Qe3 Rc7 45.Kh2 Qf4+ 46.Qxf4 exf4 47.Rd4 f3 48.g4 Ke7 49.Rd1 Rc5 50.Kg3 h5
51.Rd4 hxg4 52.hxg4 Bc6 53.Rd1 Re5 54.Rh1 Ra5 55.Re1+ Re5 56.Rh1 Re2 57.Rd1 Bb7
58.Rd4 Re5 59.Kf4 Re2 60.Kg3 Re1 61.Kf4 Rg1 62.Ra4 Bd5 63.Ra5 Kd6 64.Ra6+ Bc6
65.Ra7 Rf1 66.Ke3 Re1+ 67.Kf4 Re2 68.Kg3 Bd5 69.Ra6+ Ke5 70.Ra7 Kd4 71.Ra4+ Ke5
72.Ra7 Rd2 73.Re7+ Kd4 74.Re1 Kd3 75.g5 fxg5 76.f6 Rb2 77.Re5 Kd4 78.Rxg5 Rb8
79.Kf4 Rf8 80.Rg6 Rf7 81.Rh6 Be4  0-1

[Event "USA Masters"]
[Site "Chicago"]
[Date "1990.??.??"]
[Round "4"]
[White "Ivanov, Igor V"]
[Black "Lonoff, Marc"]
[Result "1-0"]
[WhiteElo "2495"]
[BlackElo "2340"]

1.d4 Nf6 2.c4 g6 3.Nc3 d5 4.cxd5 Nxd5 5.e4 Nxc3 6.bxc3 Bg7 7.Ba3 Nd7 8.Nf3 c5
9.Bc4 cxd4 10.Qb3 O-O 11.cxd4 Nb6 12.O-O Nxc4 13.Qxc4 Bg4 14.Rad1 Bxf3 15.gxf3 Qd7
16.Rd3 Rfc8 17.Qb4 e6 18.Rb1 Rc7 19.d5 exd5 20.Rxd5 Qe6 21.Qd2 Qf6 22.e5 Qxf3
23.Rd8+ Bf8 24.Rxa8 Qg4+ 25.Kf1 Qh3+ 26.Ke2 Qxa3 27.Qd6 Kg7 28.Qxa3 Bxa3
29.Rxa7 Rc2+ 30.Kd1 Rxa2 31.Rb6 Ra1+ 32.Kc2 Rc1+ 33.Kd2  1-0

[Event "USA Masters"]
[Site "Chicago"]
[Date "1990.??.??"]
[Round "5"]
[White "Southam, Todd"]
[Black "Ivanov, Igor V"]
[Result "0-1"]
[WhiteElo "2335"]
[BlackElo "2495"]

1.d4 Nf6 2.c4 g6 3.Nc3 Bg7 4.e4 d6 5.Be2 O-O 6.Nf3 Bg4 7.O-O Nfd7 8.Be3 Nc6
9.d5 Bxf3 10.Bxf3 Na5 11.Be2 Bxc3 12.bxc3 e5 13.g3 Qe7 14.Qc2 b6 15.Rae1 f6
16.f4 Rae8 17.f5 g5 18.h4 Rc8 19.Kf2 Rf7 20.Rh1 Rg7 21.hxg5 fxg5 22.Rh6 Nf6
23.Reh1 Nb7 24.g4 Nd8 25.Bf3 Nf7 26.Qa4 Nxh6 27.Rxh6 Qf8 28.Qc6 Kh8 29.Qa4 Rg8
30.Rh2 h5 31.Qc2 Qh6 32.Kg3 c6 33.gxh5 cxd5 34.exd5 Rc7 35.Qd3 Qf8 36.Rh1 Rh7
37.Rh2 Qf7 38.Qb1 Nxh5+ 39.Bxh5 Rxh5 40.Qh1 Rh4  0-1

[Event "USA Masters"]
[Site "Chicago"]
[Date "1990.??.??"]
[Round "6"]
[White "Ivanov, Igor V"]
[Black "Shamkovich, Leonid"]
[Result "0-1"]
[WhiteElo "2495"]
[BlackElo "2405"]

1.Nf3 d5 2.d4 Nf6 3.c4 dxc4 4.Nc3 a6 5.a4 Nc6 6.e4 Bg4 7.Be3 e6 8.Bxc4 Bb4
9.Qd3 Bxf3 10.gxf3 O-O 11.Rd1 Nh5 12.h4 Qf6 13.Bg5 Qg6 14.Kf1 h6 15.Bc1 Rad8
16.Ne2 Bc5 17.Be3 Bxd4 18.Rg1 Bxe3 19.Rxg6 Rxd3 20.Rxd3 Ne5 21.Rg1 Nxd3 22.Bxd3 Bb6
23.Kg2 Rd8 24.Rd1 Nf6 25.Bc2 Rxd1 26.Bxd1 a5 27.Bc2 h5 28.Nf4 g6 29.Nd3 Bd4
30.Bb3 Kf8 31.Kg3 Ke7 32.Kf4 Nd7 33.e5 Nc5 34.Nxc5 Bxc5 35.Kg3 Bd4 36.f4 Bxb2
37.Bc4 c6 38.Kf3 Bd4 39.Kg2 Ke8 40.Kf3 Kd7 41.Kg2 Bc3 42.Kf3 Bd2 43.Kg3 Bc3
44.Kf3 Kc7 45.f5 gxf5 46.Kf4 Kd7 47.Be2 Bd4 48.Bxh5 Bxf2 49.Bxf7 Bxh4 50.Bh5 b5
51.Bd1 Be1  0-1

[Event "USA Masters"]
[Site "Chicago"]
[Date "1990.??.??"]
[Round "7"]
[White "Pelts, Peter"]
[Black "Ivanov, Igor V"]
[Result "1/2-1/2"]
[WhiteElo "2260"]
[BlackElo "2495"]

1.Nf3 g6 2.c4 Bg7 3.Nc3 e5 4.d4 exd4 5.Nxd4 Nc6 6.e3 Nge7 7.Nxc6 bxc6 8.Be2 O-O
9.O-O d5 10.Qd2 Be6 11.cxd5 Nxd5 12.Na4 Qe7 13.e4 Nb6 14.Qc2 Nxa4 15.Qxa4 c5
16.Rb1 Rfb8 17.b3 Rb4 18.Qc6 Rd8 19.Ba3 Bd7 20.Qxc7 Rc8 21.Qxa7 Rxe4 22.Bf3 Bf5
23.Qxe7 Rxe7 24.Rbc1 Bd4 25.g4 Be6 26.Rc2 h5 27.h3 hxg4 28.hxg4 Ra7 29.Bc1 c4
30.bxc4 Rxc4 31.Rxc4 Bxc4 32.Rd1 Be5 33.a3 Kg7 34.Kg2 Be6 35.Re1 Bd6 36.Bb2+ Kf8
37.Ra1 Ra4 38.Rd1 Bxa3 39.Ra1 Rxg4+ 40.Bxg4 Bd5+ 41.Bf3 Bxb2 42.Rb1 Bxf3+
43.Kxf3 Bd4 44.Rb7 f5 45.Ke2 Kg8 46.Kf3 Kf8 47.Kg3 Kg8 48.Rd7 Be5+ 49.Kf3 Kf8
50.Ke3 Bf6 51.Kd3 Bh4 52.f3 Bf6 53.Kc4 Be5 54.Kd5 Bf6 55.Ke6 Bc3 56.Kd5 Bf6
57.Rb7 Bc3 58.Kc4 Bf6 59.Kd3 Kg8 60.Ke3 Kf8  1/2-1/2

[Event "New York op"]
[Site "New York"]
[Date "1990.??.??"]
[Round "1"]
[White "Ivanov, Igor V"]
[Black "Vaganian, Rafael A"]
[Result "0-1"]
[WhiteElo "2495"]
[BlackElo "2605"]

1.Nf3 Nf6 2.c4 b6 3.g3 c5 4.Bg2 Bb7 5.O-O g6 6.b3 Bg7 7.Bb2 O-O 8.d3 e6 9.Nbd2 Nc6
10.Rb1 Qc7 11.a3 a5 12.Qc2 Rad8 13.Rfc1 Rfe8 14.e3 e5 15.Ne4 Nxe4 16.dxe4 Ra8
17.Bc3 Nd8 18.Rd1 Bc6 19.Nd2 Nb7 20.Ra1 Bf8 21.Qb2 a4 22.Rdb1 axb3 23.Qxb3 Ra6
24.Qb2 Bg7 25.Bf3 Nd6 26.Qc2 Qb7 27.a4 Qa8 28.a5 bxa5 29.Bb2 a4 30.Ba3 Ra5
31.Rb6 Rb8 32.Rab1 Rxb6 33.Rxb6 Nc8 34.Rb2 Bf8 35.Qd3 Ra7 36.Bd1 Rb7 37.f4 d6
38.f5 Rxb2 39.Bxb2 Qb7 40.Bc3 Nb6 41.Qb1 Qa6 42.Qa2 Nd7 43.g4 Be7 44.Bc2 Bd8
45.Kf2 Ba5 46.Bxa5 Qxa5 47.Ke2 g5 48.h3 Qb4 49.Nb1 Nf6 50.Nd2 Kg7 51.Qa1 a3
52.Bd3 h5 53.h4 gxh4 54.Qh1 a2 55.Qxh4 a1=Q 56.Qg5+ Kf8 57.Qxf6 Qg1  0-1

[Event "New York op"]
[Site "New York"]
[Date "1990.??.??"]
[Round "2"]
[White "Bisguier, Arthur Bernard"]
[Black "Ivanov, Igor V"]
[Result "0-1"]
[WhiteElo "2390"]
[BlackElo "2495"]

1.Nc3 c5 2.Nf3 d5 3.e4 d4 4.Ne2 Nc6 5.Ng3 a6 6.a4 h5 7.h4 Nf6 8.d3 e5 9.Bg5 Be7
10.Nd2 g6 11.Be2 Be6 12.c4 Ng4 13.Bxe7 Qxe7 14.Nf3 Qf6 15.Qb3 Nb4 16.Qd1 Ke7
17.Qc1 Qf4 18.Nf1 f6 19.N1d2 Kd6 20.g3 Qh6 21.Kf1 Raf8 22.Kg2 Bd7 23.Nb3 g5
24.Nbd2 Bc6 25.Kg1 Nxf2 26.Kxf2 g4 27.Kg1 Qe3+ 28.Kg2 f5 29.Nf1 Qxc1 30.Rxc1 fxe4  0-1

[Event "New York op"]
[Site "New York"]
[Date "1990.??.??"]
[Round "4"]
[White "Lputian, Smbat G"]
[Black "Ivanov, Igor V"]
[Result "1/2-1/2"]
[WhiteElo "2545"]
[BlackElo "2495"]

1.d4 Nf6 2.c4 g6 3.Nc3 Bg7 4.e4 d6 5.Be2 O-O 6.Nf3 Bg4 7.Be3 Nc6 8.Rc1 e5
9.d5 Bxf3 10.Bxf3 Nd4 11.O-O Re8 12.Re1 a6 13.b4 Nd7 14.Bg4 Nb6 15.Qd3 a5
16.b5 Qh4 17.f3 h5 18.Bf2 Qg5 19.Be3 Qh4 20.Bf2 Qg5 21.Bh3 f5 22.exf5 gxf5
23.Kh1 Rf8 24.Be3 Qh4 25.f4 Rae8 26.fxe5 Rxe5 27.Qf1 Rfe8 28.Bf2  1/2-1/2

[Event "New York op"]
[Site "New York"]
[Date "1990.??.??"]
[Round "5"]
[White "Ivanov, Igor V"]
[Black "Benjamin, Joel"]
[Result "1/2-1/2"]
[WhiteElo "2495"]
[BlackElo "2530"]

1.Nf3 Nf6 2.c4 g6 3.Nc3 Bg7 4.e4 d6 5.d4 O-O 6.Be2 e5 7.d5 a5 8.Bg5 h6 9.Bh4 Na6
10.O-O Bd7 11.Ne1 Qe8 12.Nd3 Nh7 13.Kh1 h5 14.Qd2 b6 15.f3 Nc5 16.Nxc5 bxc5
17.a4 f6 18.Nb5 Qd8 19.Bd3 Ng5 20.Be1 Bh6 21.Qe2  1/2-1/2

[Event "New York op"]
[Site "New York"]
[Date "1990.??.??"]
[Round "7"]
[White "Ivanov, Igor V"]
[Black "Rohde, Michael A"]
[Result "1-0"]
[WhiteElo "2495"]
[BlackElo "2555"]

1.c4 e5 2.Nc3 Bb4 3.Nd5 Ba5 4.b4 c6 5.bxa5 cxd5 6.cxd5 Nf6 7.e4 Qxa5 8.Bd3 d6
9.Ne2 O-O 10.O-O Nh5 11.Bc2 f5 12.d4 f4 13.dxe5 dxe5 14.Nd4 Nf6 15.Nb3 Qa6
16.Bd3 Qa4 17.Bb2 Nbd7 18.Qe2 f3 19.gxf3 Nh5 20.Kh1 Nf4 21.Qd2 b6 22.Rfc1 Nxd3
23.Qxd3 Ba6 24.Qe3 Rf7 25.Rc7 Rc8 26.Rxc8+ Bxc8 27.Rc1 Ba6 28.a3 h6 29.Nd2 Nc5
30.Rxc5 bxc5 31.Bxe5 Bc8 32.Kg2 Qd7 33.f4 Qg4+ 34.Qg3 Qe2 35.Bc3 Ba6 36.f5 Bd3
37.Qf3 Bxe4 38.Qxe4 Qxe4+ 39.Nxe4 Rxf5 40.d6 Rd5 41.h4 Kf7 42.Kf3 Rd3+ 43.Kg4 c4
44.h5 Rd1 45.f3 Rd5 46.f4 g6 47.Be5 gxh5+ 48.Kxh5 Ra5 49.Kxh6 Ke6 50.Kg6 c3
51.Nxc3 Rxa3 52.f5+ Kd7 53.f6  1-0